000 00684pam a2200241 a 4500
001 4205142
005 20180201030749.0
008 810220s1981 enk b 001 0 eng
010 _a 81001443
020 _a0521239192
020 _a052128774X (pbk.)
040 _aDLC
_cDLC
_dDLC
041 _aeng
080 _a155.2
082 0 0 _a155.2 CSI
_219
100 1 _a50
101 _aSOC
245 1 4 _aThe meaning of things :
_cMihaly Csikszentmihalyi and Eugene Rochberg-Halton.
504 _aBibliography: p. 290-297.
740 0 _aDomestic symbols and the self.
906 _a7
_bcbc
_corignew
_d1
_eocip
_f19
_gy-gencatlg
942 _2ddc
_cBK
999 _c41422
_d41422